| 000 | 00722nam a2200241Ia 4500 | ||
|---|---|---|---|
| 005 | 20260429111909.0 | ||
| 008 | 260429s9999||||xx |||||||||||||| ||und|| | ||
| 020 | _a9781041203339 | ||
| 041 | _aEnglish | ||
| 082 |
_a006.3 _bPRI |
||
| 100 | _aPriyadarshini, Rashmi | ||
| 245 | 0 |
_aArtificial intelligence : _bapplication and innovations / _cRashmi Priyadarshini |
|
| 250 | _a1st ed. | ||
| 260 |
_aBoca Raton : _bCRC Press, _c2023. |
||
| 300 | _axxiii, 276 p.; hb | ||
| 440 | _aDistributed computing and intelligent data analytics series | ||
| 650 | _a Artificial intelligence | ||
| 650 | _aComputer science | ||
| 700 | _a Mehra, RM | ||
| 700 | _a Sehgal, Amit | ||
| 700 | _a Singh, Prabhu Jyot | ||
| 942 | _cTB | ||
| 999 |
_c51321 _d51321 |
||